000 00323nam a2200145Ia 4500
100 _aMc Cune/ William
942 _cBK
654 _aComputer
245 _aLectures Notes in Artificial Intel (1249)
260 _bSpringer
_aNew Delhi
_c1997
082 _a6.3
_bMCC
300 _a462
546 _aENGLISH
999 _c26962
_d26962